00330nam a2200133Ia 4500008004100000041000800041082001700049100002800066245002200094260003500116300001400151365001200165650001900177210719s1994 xx 000 0 und d aeng a821.008 SKAN aSKANDA PRASAD (V S), Ed aNew global voice. aMangalorebChetana Booksc1994 ax,205bPB b110cRs aEnglish Poetry